Logo BPK

Biblioteka

Politechniki Koszalińskiej

Jakość energii elektrycznej w sieciach niskiego napięcia : (Rekord nr 42802)

Szczegóły MARC
000 -ETYKIETA REKORDU
podpole kontrolne o stałej długości 00829nam a2200217 i 4500
001 - NUMER KONTROLNY REKORDU
pole kontrolne bg
040 ## - ŹRÓDŁO KATALOGOWANIA
Instytucja, która utworzyła rekord BPK
041 1# - KOD JĘZYKA
Kod języka tekstu pol
Kod języka oryginału cze
080 ## - UNIWERSALNA KLASYFIKACJA DZIESIĘTNA - UKD
UKD 621.315:658.56
008 - POLE O STAŁEJ DŁUGOŚCI - DANE KONTROLNE
podpole kontrolne o stałej długości s pl f |000 0 pol
245 00 - TYTUŁ/ODPOWIEDZIALNOŚĆ
Tytuł Jakość energii elektrycznej w sieciach niskiego napięcia :
Ciąg dalszy tytułu zmiana zasad projektowania sieci dla poprawy jakości energii elektrycznej /
Pozostałe elementy strefy tytułu i oznaczenia odpowiedzialności András Dán [et al.].
250 ## - STREFA WYDANIA
Oznaczenie wydania Wyd. 3 popr.
260 ## - STREFA ADRESU WYDAWNICZEGO
Miejsce wydania Wrocław :
Nazwa wydawcy/dystrybutora Polskie Centrum Promocji Miedzi,
Data publikacji, dystrybucji/powstania dokumentu 2002.
300 ## - STREFA OPISU FIZYCZNEGO
Objętość 47 s. :
Inne cechy fizyczne il. ;
Rozmiary 30 cm.
500 ## - UWAGI OGÓLNE
Tekst uwagi Oprac. na podst. czeskiego wydania pt.: Kvalita dodávané elektrcké energie v sítích nízkého nap~1xtí".
650 #9 - HASŁO PRZEDMIOTOWE W FORMIE NAZWY OGÓLNEJ LUB JEDNOSTKOWEJ
Nazwa ogólna lub geograficzna Energia elektryczna
650 #9 - HASŁO PRZEDMIOTOWE W FORMIE NAZWY OGÓLNEJ LUB JEDNOSTKOWEJ
Nazwa ogólna lub geograficzna Sieć elektryczna
Określnik ogólny projektowanie
650 #9 - HASŁO PRZEDMIOTOWE W FORMIE NAZWY OGÓLNEJ LUB JEDNOSTKOWEJ
Nazwa ogólna lub geograficzna Jakość produktu
Określnik ogólny elektroenergetyka
700 1# - HASŁO DODATKOWE - NAZWA OSOBOWA
Nazwa osobowa Dán, András
856 ## - LOKALIZACJA I DOSTĘP DO ELEKTRONICZNYCH DOKUMENTÓW ZDALNYCH
Link (URL) http://koha.tu.koszalin.pl/cgi-bin/koha/opac-detail.pl?biblionumber=42802
Tekst linku Katalog online BPK
942 ## - DODATKOWE ELEMENTY (KOHA)
Typ dokumentu Książka
Egzemplarze
Wycofany Status egzemplarza Uszkodzony Dostępność Lokalizacja stała Lokalizacja bieżąca Miejsce przechowywania Sygnatura Kod kreskowy Typ dokumentu
      Dostępny Biblioteka Politechniki Koszalińskiej Biblioteka Politechniki Koszalińskiej Wypożyczalnia BG 67467 01914603 Książka
© 2023 Biblioteka Politechniki Koszalińskiej :: KOHA